| 000 | 00476cam a2200181ua 4500 | ||
|---|---|---|---|
| 003 | OSt | ||
| 005 | 20260213113203.0 | ||
| 008 | 260213b |||||||| |||| 00| 0 eng d | ||
| 041 | _aeng | ||
| 082 |
_a028.72 _bUNE/MI |
||
| 245 | _aMini-micro CDS/ISIS 3.08 reference manual / | ||
| 260 |
_aGeneva : _bUNESCO , _c1999. |
||
| 300 | _a348 ; . | ||
| 650 |
_aComputer Software _97863 |
||
| 650 |
_aLibrary Science Automation _97864 |
||
| 650 |
_aReference Manual _97865 |
||
| 942 | _cBK | ||
| 999 |
_c395 _d395 |
||